|
|
|
|
| LEADER |
01120nam a2200325 a 4500 |
| 001 |
000655316 |
| 003 |
CZ BrMZK |
| 005 |
20080306142055.0 |
| 007 |
ta |
| 008 |
030226s2002 xr f cze d |
| 015 |
|
|
|a cnb001241159
|
| 020 |
|
|
|a 80-207-1128-7
|q (váz.)
|
| 035 |
|
|
|a (OCoLC)53182455
|
| 040 |
|
|
|a BOA001
|b cze
|
| 041 |
1 |
|
|a cze
|h eng
|
| 080 |
|
|
|a 821.111-31
|2 MRF
|
| 100 |
1 |
|
|a Faber, Michel,
|d 1960-
|7 xx0005715
|4 aut
|
| 245 |
1 |
0 |
|a Pod kůží /
|c Michal Faber ; [z anglického originálu přeložil Pavel Medek ; doslov napsal Richard Podaný]
|
| 250 |
|
|
|a Vyd. 1.
|
| 260 |
|
|
|a Praha :
|b Odeon,
|c 2002
|
| 300 |
|
|
|a 254 s. ;
|c 21 cm
|
| 490 |
1 |
|
|a Světová knihovna ;
|v sv. 20
|
| 655 |
|
7 |
|a anglicky psané romány
|7 fd131805
|2 czenas
|
| 765 |
0 |
|
|t Under the skin
|9 Česky
|
| 700 |
1 |
|
|a Podaný, Richard,
|d 1962-
|7 mzk2003183236
|4 wfw
|
| 700 |
1 |
|
|a Medek, Pavel,
|d 1952-2015
|7 jk01081028
|4 trl
|
| 830 |
|
0 |
|a Světová knihovna (Euromedia Group - Odeon)
|0 s
|
| 910 |
|
|
|a BOA001
|b 2-1114.423
|
| 990 |
|
|
|a BK
|
| 996 |
6 |
|
|b 2610182317
|c 2-1114.423
|l MZK
|r Sklad / do 1 hodiny
|n 3
|p p.v.
|w 000655316
|u 000010
|a 1
|e BOA001
|j MZK50
|s P
|